000 004660000a22001810004500
003 MACL
005 20150705154612.0
008 150705b xxu||||| |||| 00| 0 eng d
040 _aMACL
_cMACL
041 _aEnglish
082 _a306/CHA
100 _aChandra,Ipshita
_9928
245 _aTravelling in Cultures Comparative Studies Theory and Practice
260 _aDelhi
_bWorldview
_c2009
350 _a295
650 _aCulture
_9929
942 _cBK
_k306/CHA
_2ddc
999 _c47743
_d47743